000 00728nam a2200253 i 4500
001 15423
003 ES-MaACL
005 20230906151054.0
007 t|
008 000308s1999 sp ||||1| spa d
020 _a84-7602-974-8
080 _a316.74:001
100 1 _aSchnaith, Nelly.
_9104544
245 1 0 _aParadojas de la representación /
_cNelly Schnaith.
250 _a1ª ed.
260 _aBarcelona :
_bCafè Central,
_c1999.
300 _a393 p. ;
_c21 cm.
490 1 _aLínia de fractura ;
_v2
650 4 _aSociología del conocimiento.
_917211
650 1 4 _aRepresentación (Filosofía)
_916851
830 1 _aLínia de fractura ;
_v2
_9228571
852 _aES-MaACL
_jL-22534
999 _c15423
_d15423